00728nam a22002057a 4500003000400000005001700004008004100021020001800062040000800080041001200088082001300100100001700113245010900130260008500239300005000324504005100374650002600425650003900451651003200490OSt20251222145548.0251222b |||||||| |||| 00| 0 eng d a9780197265550 cDCL aEnglish a959.10521 aSadan, Mandy10aBeing and becoming Kachin :bhistories beyond the state in the borderworlds of Burma / cby Mandy Sadan. aOxford : bPublished for The British Academy by Oxford University Press, c2013. axi,512 pages :billustrations, maps ;c24 cm. aIncludes bibliographical references and index. aKachin (Asian people) aEthnic conflict zMyanmarvHistory aBurma vHistory y1962-1988